| 000 | 00878nam a22002297a 4500 | ||
|---|---|---|---|
| 005 | 20180426170508.0 | ||
| 010 | _a1718EN-30 ENG-122687 | ||
| 020 |
_a9788188569878 _c595.00 |
||
| 035 | _aB-682507-521 EN-106219 | ||
| 037 |
_bAakar _adpl |
||
| 037 | _bDBAD/PUB. | ||
| 082 | _a954.021 | ||
| 100 | _aKatyal, Rajeev | ||
| 245 |
_aBattles for Delhi : _bDilli kareeb ast / _cby Rajeev Katyal; forewarded by David Frawley |
||
| 260 |
_aMumbai _bIndus Source Books _c2016 |
||
| 270 |
_aPO Box 6194 ,Malabar Hill PO _bMumbai _e400006 |
||
| 300 |
_ax,220p. _c23cm (Hb) |
||
| 500 | _aincludes bibliographical refrences | ||
| 700 | _aFrawley, David | ||
| 942 |
_2ddc _cEN _mKAT _h954.021 |
||
| 999 |
_c146016 _d146016 |
||